01040 a2200205 45000010006000000050017000060080041000230030015000640400040000790800051001192450074001700200018002442500012002622640038002743000019003125050453003310410008007841000022007927000020008143046320260407155615.0260407a1975 arg spa dAR-UNSa-BCEJYS aAR-UNSa-BCEJYSbspacAR-UNSa-BCEJYS a330.56xRenta nacional. Producto nacional neto10aRenta nacional y nivel de preciospcurso de teoría macroeconómica a84-206-2017-3 a2a. ed. 1aMadrid :bAlianza Editorialc1975 a348 p.c20 cm. a1. Introducción - 2. Elementos de la teoría de la renta nacional - 3. Análisis avanzado de la renta nacional - 4. Nivel de precios e inflación - 5. Elementos de teoría del crecimiento y macrodinámica - 6. La función de consumo - 7. El sector monetario - 8. Producción, empleo e inversión - 9. El impacto del estado - 10. Políticas de estabilización económica - 11. Expectativas y ajuste dinámico - 12. El concepto de renta aspa1 aBailey, Martin J.1 aVergara, José